| 000 | 00828cam a2200229 4500 | ||
|---|---|---|---|
| 001 | ABS62469 | ||
| 008 | 000000n2000 000 0 eng u | ||
| 035 | _a(Sirsi) u106459 | ||
| 100 | _aHolgate, G. | ||
| 245 | 4 | _aThe new contaminated land regime: Part IIA of the Environmental Protection Act 1990 | |
| 260 | _c2000 | ||
| 490 |
_aLand Contamination & Reclamation _v8(2) May 2000, 117-132(16) |
||
| 520 | _aDetailed review of the new statutory regime for the identification and remediation of contaminated land contained within Part IIa of the Environmental Protection Act 1990. | ||
| 590 | _aABS | ||
| 650 | _aCONTAMINATED LAND | ||
| 650 | _aLIABILITY | ||
| 650 | _aENVIRONMENTAL PROTECTION ACT 1990 | ||
| 650 | _aPOLLUTION | ||
| 650 | _aREMEDIATION | ||
| 690 | _aENVIRONMENTAL AND LAND CONSULTANCY | ||
| 942 | _n0 | ||
| 999 |
_c63768 _d63768 |
||